<?xml version="1.0" encoding="UTF-8"?>
<record
    xmlns:xsi="http://www.w3.org/2001/XMLSchema-instance"
    xsi:schemaLocation="http://www.loc.gov/MARC21/slim http://www.loc.gov/standards/marcxml/schema/MARC21slim.xsd"
    xmlns="http://www.loc.gov/MARC21/slim">

  <leader>01908nam a22002894aa4500</leader>
  <controlfield tag="003">BOFEUTO</controlfield>
  <controlfield tag="005">20260626115021.0</controlfield>
  <controlfield tag="008">260611t2025    bo     gr     000 f spa d</controlfield>
  <datafield tag="040" ind1=" " ind2=" ">
    <subfield code="6">BOFEUTO</subfield>
    <subfield code="a">BOFEUTO</subfield>
    <subfield code="c">BOFEUTO</subfield>
  </datafield>
  <datafield tag="041" ind1=" " ind2=" ">
    <subfield code="a">spa</subfield>
  </datafield>
  <datafield tag="044" ind1=" " ind2=" ">
    <subfield code="a">bo</subfield>
  </datafield>
  <datafield tag="082" ind1=" " ind2=" ">
    <subfield code="a">TE6325</subfield>
    <subfield code="b">Ar686a</subfield>
  </datafield>
  <datafield tag="100" ind1=" " ind2=" ">
    <subfield code="a">Argando&#xF1;a Hurtado, Adriana Grace</subfield>
    <subfield code="e">autor</subfield>
  </datafield>
  <datafield tag="245" ind1=" " ind2=" ">
    <subfield code="a">An&#xE1;lisis de perdidas en micromedici&#xF3;n del consumo de agua y su incidencia en la sostenibilidad de Sela Oruro 2024 /</subfield>
    <subfield code="c"> Adriana Grace Argando&#xF1;a Hurtado, Mar&#xED;a Soledad S&#xE1;nchez Calizaya</subfield>
  </datafield>
  <datafield tag="260" ind1=" " ind2=" ">
    <subfield code="a">Oruro:</subfield>
    <subfield code="b">s/n,</subfield>
    <subfield code="c">2025.</subfield>
  </datafield>
  <datafield tag="300" ind1=" " ind2=" ">
    <subfield code="a">74 hojas ;</subfield>
    <subfield code="b">ilus, gr&#xE1;f. ;</subfield>
    <subfield code="c">28.5 cm,</subfield>
  </datafield>
  <datafield tag="500" ind1=" " ind2=" ">
    <subfield code="a">Incluye bibliograf&#xED;a, anexos.</subfield>
  </datafield>
  <datafield tag="502" ind1=" " ind2=" ">
    <subfield code="a">Trabajo Dirigido, (Licenciatura) -- Universidad T&#xE9;cnica de Oruro, Facultad de Ciencias Econ&#xF3;micas, Financieras y Administrativas, Carrera Ingenier&#xED;a Comercial, 2025.</subfield>
  </datafield>
  <datafield tag="520" ind1=" " ind2=" ">
    <subfield code="a">El presente trabajo analiza las p&#xE9;rdidas en micromedici&#xF3;n y su incidencia en la sostenibilidad de SeLa Oruro, una Empresa dedicada a la provisi&#xF3;n de servicios de agua potable y alcantarillado. A trav&#xE9;s de un modelo de simulaci&#xF3;n basado en din&#xE1;mica de sistemas, se evalu&#xF3; el impacto de factores como el desgaste de los medidores, el subregistro, las fugas visibles y no visibles, y el consumo no autorizado en los ingresos de la empresa del a&#xF1;o 2024. Los resultados del diagn&#xF3;stico muestran que m&#xE1;s del 60% de los medidores instalados han supero su vida &#xFA;til, generando un subregistro que alcanza hasta 29.66%, mientras que el &#xED;ndice de agua no contabilizada se mantiene un promedio en 25.22%. Estas p&#xE9;rdidas afectan significativamente los ingresos operativos y la capacidad de inversi&#xF3;n de la empresa.</subfield>
  </datafield>
  <datafield tag="651" ind1=" " ind2=" ">
    <subfield code="a">Micromedici&#xF3;n</subfield>
  </datafield>
  <datafield tag="653" ind1=" " ind2=" ">
    <subfield code="a">Agua</subfield>
  </datafield>
  <datafield tag="653" ind1=" " ind2=" ">
    <subfield code="a">Sostenibilidad</subfield>
  </datafield>
  <datafield tag="653" ind1=" " ind2=" ">
    <subfield code="a">SeLa</subfield>
  </datafield>
  <datafield tag="653" ind1=" " ind2=" ">
    <subfield code="a">Modelo de Simulaci&#xF3;n</subfield>
  </datafield>
  <datafield tag="700" ind1=" " ind2=" ">
    <subfield code="a">S&#xE1;nchez Calizaya, Mar&#xED;a Soledad</subfield>
    <subfield code="e">tutor</subfield>
  </datafield>
  <datafield tag="942" ind1=" " ind2=" ">
    <subfield code="2">ddc</subfield>
    <subfield code="c">TE</subfield>
    <subfield code="n">0</subfield>
  </datafield>
  <datafield tag="999" ind1=" " ind2=" ">
    <subfield code="c">16183</subfield>
    <subfield code="d">16183</subfield>
  </datafield>
</record>
